Представление документа в формате MARC21

Поле Инд. ПП Название Значение
Тип записи a
Библиографический уровень m
001 Контрольный номер 148a4b49d8f343a9ab62d7a49ecbba64
005 Дата корректировки 20250807160336.0
084 a Индекс другой классификации/Индекс ББК 75
091 i Возрастная адресация (DOS) 12+
097 b Оператор Анциферова
245 10 a Заглавие Физкультура и спорт
n Номер части/ раздела 7
260 c Дата издания 2025
900 a Имя макрообъекта E0041D100131B326
901 t Тип документа s